Countries with Extra Men - Statistics

General Stats
  • This quiz has been taken 26,717 times
    16,560 since last reset
  • The average score is 12 of 20
Answer Stats
Extra Men Country % Correct
42.5 mil China
97%
54.2 mil India
96%
4.51 mil Pakistan
81%
1.27 mil Iran
78%
4.69 mil Saudi Arabia
75%
2.60 mil Egypt
70%
603 k Afghanistan
66%
444 k Oman
65%
4.44 mil United Arab Emirates
62%
429 k Turkey
61%
1.62 mil Qatar
60%
2.15 mil Nigeria
57%
673 k Algeria
55%
703 k Kuwait
53%
493 k Vietnam
52%
383 k Bahrain
50%
543 k Jordan
49%
491 k Malaysia
42%
560 k Philippines
42%
334 k South Sudan
21%
No matching quizzes found
Score Distribution
Percent of People with Each Score
Percentile by Number Answered
Your Score History
You have not taken this quiz since the last reset